| 000 | 00510nam a22001577a 4500 | ||
|---|---|---|---|
| 003 | OSt | ||
| 005 | 20151103094947.0 | ||
| 008 | 151103b xxu||||| |||| 00| 0 eng d | ||
| 040 | _cRUA | ||
| 082 | _aFOR គល់ 1992 B118 Or.1 | ||
| 100 |
_93239 _aគល់ វឌ្ឍនា |
||
| 245 | _aសុវុឌ្ឍិកម្មព្រៃសម្បទានខេត្តកោះកុងឆ្នាំ១៩៩២ | ||
| 260 |
_aPhnom Penh _bRUA _c1992 |
||
| 300 |
_a99p. _bill. _c29cm. |
||
| 942 |
_2ddc _cFOR |
||
| 999 |
_c3025 _d3025 |
||